| 000 | 00382 a2200109 4500 | ||
|---|---|---|---|
| 001 | ART_39672 | ||
| 005 | 20260410162012.0 | ||
| 008 | 260409a | ||
| 245 | 1 | 0 | _aCIADI, supremacía constitucional y "hacerse cargo" |
| 100 | 1 | _aBottini Bulit, Alejandro | |
| 773 | 0 |
_tPropuestas para la sociedad, el gobierno y la producción _g- Año 9, Nº 13 (mayo 2006) _wREV39547 |
|
| 999 |
_c32300 _d32300 |
||